Employee remuneration and incentives (Record no. 432201)

000 -LEADER
fixed length control field 00417cam a22001217a 4500
008 - FIXED-LENGTH DATA ELEMENTS--GENERAL INFORMATION
fixed length control field 180718b1954 xxu||||| |||| 00| 0 eng d
082 ## - DEWEY DECIMAL CLASSIFICATION NUMBER
Classification number K234 In7
245 ## - TITLE STATEMENT
Title Employee remuneration and incentives
Statement of responsibility, etc. by Institute of Cost and Works Accountants, UK
260 ## - PUBLICATION, DISTRIBUTION, ETC.
Place of publication, distribution, etc. London
Name of publisher, distributor, etc. Institute of Cost and Works Accountants
Date of publication, distribution, etc. 1954
300 ## - PHYSICAL DESCRIPTION
Extent 71p.
650 ## - SUBJECT ADDED ENTRY--TOPICAL TERM
Topical term or geographic name entry element Wage incentive
700 ## - ADDED ENTRY--PERSONAL NAME
Personal name UK. Institute of Cost and Works Accountants
Holdings
Withdrawn status Lost status Damaged status Not for loan Permanent Location Current Location Date acquired Full call number Barcode Date last seen Price effective from Koha item type
        Indian Institute of Public Administration Indian Institute of Public Administration 2010-01-28 K234 In7 1988 2018-07-21 2018-07-21 Book

Powered by Koha